000 00812nam a22001935i 4500
001 156806
003 ES-MaACL
005 20231227062554.0
008 040805s1885 sp |||| | spa d
040 _aCAM
_bspa
_cCAM
100 1 _aLabra, Rafael M. de,
_d1840-1918
_969273
245 1 3 _aEl Fomento de las Artes en 1885 /
_cdiscurso del presidente de la sociedad Rafaél M. de Labra leido en el acto de la solemne apertura del curso académico de 1885-86 verificada el dia 11 de octubre de 1885.
260 _aMadrid :
_b[s.n.],
_c1885 (
_fImprenta de Aurelio J. Alaria)
300 _a24 p. ;
_c22 cm.
710 2 _aSociedad Matritense El Fomento de las Artes.
_9139234
852 _aES-MaACL
_jFol-Laf-309
_z-- Rust.
_z-- Lagado M. de la Fuente
852 _aES-MaACL
_jT-424-F-6
999 _c156806
_d156806